00547nam a2200157Ia 4500003000900000008004100009020002600050020002700076040001600103100002500119245005700144260003200201300002000233490003300253856010300286IN-BaIIA211028s9999 xx s 000 0 eng d a9781510603059 (Print) a9781510603066 (Online) cIIA Library aMatin, Mohammad, ed. 0aWide Bandgap Power Devices and Applicationsh[eBook] aWashington, USAbSPIEc2016 aOnline resource aProceedings of SPIE; V. 9957 uhttps://www.spiedigitallibrary.org/conference-proceedings-of-spie/9957yClick Here to Access eBook